Príležitosť zamyslieť sa nad ekonomickým vzdelávaním a nad ekonomickou vedou

Pohľad na históriu Národohospodárskej fakulty pri príležitosti 60. výročia jej vzniku.

Guardado en:
Detalles Bibliográficos
Autor principal: Lisý, Ján
Formato: Capítulo de libro
Lenguaje:eslovaco
Materias:
Etiquetas: Agregar Etiqueta
Sin Etiquetas, Sea el primero en etiquetar este registro!

MARC

LEADER 00000naa a2200000 4500
001 0180454
005 20240502073056.7
041 0 |a slo 
044 |a SK 
245 1 0 |a Príležitosť zamyslieť sa nad ekonomickým vzdelávaním a nad ekonomickou vedou  |c Ján Lisý 
520 |a Pohľad na históriu Národohospodárskej fakulty pri príležitosti 60. výročia jej vzniku. 
610 2 0 |a história 
610 2 0 |a teórie ekonomické 
610 2 0 |a vzdelávanie vysokoškolské 
610 2 0 |a veda ekonomická 
100 1 |a Lisý, Ján